| 000 | 00863cam a2200241 i 4500 | ||
|---|---|---|---|
| 003 | SA-RiAUC | ||
| 005 | 20250830051354.0 | ||
| 008 | 250817s1968 mr f 00010 ara c | ||
| 040 |
_aSA-RiAUC _bara _cSA-RiAUC _erda |
||
| 043 | _af-mr--- | ||
| 082 | 0 | 4 | _a345.64 |
| 090 |
_a345.64 _bح و م |
||
| 100 | 1 |
_aحومد، عبد الوهاب، _d1913-2002 _eمؤلف. |
|
| 245 | 1 | 2 |
_aالقانون الجنائي المغربي : _bالقسم الخاص / _cعبد الوهاب حومد. |
| 264 | 1 |
_aالرباط : _bمكتبة القومي، _c1968. |
|
| 300 |
_a438 صفحة ؛ _c24 سم |
||
| 336 |
_aنص _btxt _2rdacontent _3كتاب |
||
| 337 |
_aبدون وسيط _bn _2rdamedia |
||
| 338 |
_aمجلد _bnc _2rdacarrier |
||
| 650 | 7 |
_aقانون العقوبات _zالمغرب _2aucsh |
|
| 942 |
_2ddc _cBOOK _n0 |
||
| 949 |
_aSA-JeALM _d250817 _umohamedma123 _n1 |
||
| 999 |
_c11312 _d11312 |
||